Endocrinology: basic and clinical principles (Record no. 65825)

MARC details
000 -LEADER
fixed length control field 00816nam a2200301Ia 4500
003 - CONTROL NUMBER IDENTIFIER
control field OSt
005 - DATE AND TIME OF LATEST TRANSACTION
control field 20220912151319.0
008 - FIXED-LENGTH DATA ELEMENTS--GENERAL INFORMATION
fixed length control field 220909b |||||||| |||| 00| 0 eng d
020 ## - INTERNATIONAL STANDARD BOOK NUMBER
International Standard Book Number 089603349X (hbd)
037 ## - SOURCE OF ACQUISITION
Terms of availability Textual
040 ## - CATALOGING SOURCE
Original cataloging agency CSL
Language of cataloging eng
Transcribing agency CSL
041 ## - LANGUAGE CODE
Language code of text/sound track or separate title eng
100 ## - MAIN ENTRY--PERSONAL NAME
Personal name Conn P Michael Ed
245 #0 - TITLE STATEMENT
Title Endocrinology: basic and clinical principles
260 ## - PUBLICATION, DISTRIBUTION, ETC.
Place of publication, distribution, etc. Totowa, New Jersey
Name of publisher, distributor, etc. Humana Press
Date of publication, distribution, etc. 1997
300 ## - PHYSICAL DESCRIPTION
Extent ix,448p
500 ## - GENERAL NOTE
General note Includes bibliographical references; Index 437-448p
650 ## - SUBJECT ADDED ENTRY--TOPICAL TERM
Topical term or geographic name entry element Endocrinology
650 ## - SUBJECT ADDED ENTRY--TOPICAL TERM
Topical term or geographic name entry element Medicine
700 ## - ADDED ENTRY--PERSONAL NAME
Personal name Melmed Shlomo
942 ## - ADDED ENTRY ELEMENTS (KOHA)
Classification part L6, N7
Koha item type Textual
Source of classification or shelving scheme Colon Classification (CC)
Holdings
Withdrawn status Lost status Damaged status Not for loan Home library Current library Date acquired Source of acquisition Total Checkouts Full call number Barcode Date last seen Price effective from Koha item type
        Central Science Library Central Science Library 2022-09-12 N R,   L6 N7 SL1175424 2022-09-12 2022-09-12 Textual
Copyright @ Delhi University Library System